Kinh tế môi trường học

Spremljeno u:
Bibliografski detalji
Glavni autor: Lê, Huy Bá
Format: Knjiga
Jezik:Undetermined
Izdano: Tp. HCM. ĐHQG 2001
Teme:
Oznake: Dodaj oznaku
Bez oznaka, Budi prvi tko označuje ovaj zapis!
Thư viện lưu trữ: Trung tâm Học liệu Trường Đại học Cần Thơ
LEADER 00491nam a2200169Ia 4500
001 CTU_45502
008 210402s9999 xx 000 0 und d
082 |a 333.7 
082 |b B100 
100 |a Lê, Huy Bá 
245 0 |a Kinh tế môi trường học 
245 0 |c Lê Huy Bá, Võ Đình Long ; Phạm Văn Thịnh 
260 |a Tp. HCM. 
260 |b ĐHQG 
260 |c 2001 
650 |a Environmental economics 
980 |a Trung tâm Học liệu Trường Đại học Cần Thơ